[Event "Liga Madrileña - DH 2015-2016"]
[Site "Madrid ESP"]
[Date "2016.02.28"]
[Round "12.24"]
[White "Hidalgo Prado, David"]
[Black "Ortega Ruiz, Jose Miguel"]
[Result "0-1"]
[WhiteElo "1597"]
[BlackElo "2288"]
[PlyCount "110"]
[EventDate "2015.11.22"]
[EventType "team-tourn"]
[EventRounds "14"]
[EventCountry "ESP"]
[Source "lmi"]
[SourceDate "2015.11.22"]
[WhiteTeam "Vallecas CDV"]
[BlackTeam "Collado Villalba"]
[WhiteTeamCountry "ESP"]
[BlackTeamCountry "ESP"]

1. e4 d5 2. exd5 Qxd5 3. Nc3 Qa5 4. d4 Nf6 5. Nf3 Bg4 6. Bc4 e6 7. Bd2 Qb6 8.
h3 Bh5 9. g4 Bg6 10. Bb3 Nbd7 11. Qe2 O-O-O 12. O-O-O c6 13. Bf4 Nd5 14. Nxd5
exd5 15. Ne5 Nxe5 16. Bxe5 Re8 17. Qd2 Qd8 18. Bg3 Bd6 19. Bxd6 Qxd6 20. c3 Be4
21. Rhg1 Re7 22. Rg3 Rhe8 23. Bc2 Bxc2 24. Qxc2 Qf4+ 25. Qd2 Qf6 26. Re3 Rxe3
27. fxe3 Qf3 28. Qd3 Qxe3+ 29. Qxe3 Rxe3 30. Rh1 Re2 31. g5 Kd7 32. h4 Ke6 33.
Rf1 f5 34. gxf6 gxf6 35. Rf4 f5 36. Rf1 Re4 37. Rh1 Re2 38. Rf1 Rh2 39. Rf4 Kf6
40. a4 a5 41. b3 h5 42. Kb1 Rg2 43. Rf3 Rg4 44. Rh3 f4 45. Kc2 Rg2+ 46. Kd3
Rg3+ 47. Rxg3 fxg3 48. Ke3 Kf5 49. Kf3 g2 50. Kxg2 Kg4 51. b4 Kxh4 52. Kf3 Kg5
53. b5 cxb5 54. axb5 a4 55. c4 a3 0-1

[Event "Liga Madrileña - DH 2015-2016"]
[Site "Madrid ESP"]
[Date "2016.02.28"]
[Round "12.31"]
[White "Almagro Llamas, Pablo"]
[Black "Moreno Trujillo, Alejandro"]
[Result "0-1"]
[WhiteElo "2429"]
[BlackElo "2504"]
[PlyCount "120"]
[EventDate "2015.11.22"]
[EventType "team-tourn"]
[EventRounds "14"]
[EventCountry "ESP"]
[Source "lmi"]
[SourceDate "2015.11.22"]
[WhiteTeam "Virgen de Atocha"]
[BlackTeam "64 Villalba"]
[WhiteTeamCountry "ESP"]
[BlackTeamCountry "ESP"]

1. d4 Nf6 2. c4 e6 3. Nc3 Bb4 4. e3 O-O 5. Nf3 d6 6. Qc2 Nbd7 7. a3 Bxc3+ 8.
Qxc3 b6 9. Be2 Bb7 10. b3 Ne4 11. Qc2 f5 12. Bb2 Qe7 13. Rd1 c5 14. O-O Rac8
15. dxc5 bxc5 16. Ne1 Qg5 17. Bd3 Qe7 18. f3 Ng5 19. Rf2 Ba8 20. Rfd2 Rb8 21.
Bc3 Nf7 22. Bf1 Qg5 23. f4 Qe7 24. g3 Nf6 25. Bxf6 Qxf6 26. Bg2 Bxg2 27. Rxg2
Qe7 28. Nd3 Qb7 29. Nc1 Qa6 30. a4 Qb7 31. Re2 Rfd8 32. e4 fxe4 33. Rxe4 e5 34.
Rd5 Re8 35. Qe2 Qc6 36. fxe5 Rxe5 37. Rexe5 Nxe5 38. Qe4 Nf7 39. Qf3 Qe8 40.
Rd1 Qe6 41. Qd5 Qxd5 42. Rxd5 Re8 43. Kf2 Re5 44. Rxe5 Nxe5 45. h3 Kf7 46. Ke3
Nc6 47. Kd3 Ke6 48. Ne2 Ke5 49. Nc1 Nd4 50. Ke3 Nf5+ 51. Kf3 Kd4 52. Kf4 Ne7
53. g4 a5 54. h4 Kc3 55. Ke4 Kc2 56. Nd3 Kxb3 57. Nf4 Kxa4 58. Nh5 Kb3 59. Nxg7
a4 60. Nf5 a3 0-1

[Event "Liga Madrileña - DH 2015-2016"]
[Site "Madrid ESP"]
[Date "2016.02.28"]
[Round "12.32"]
[White "Perez Mitjans, Orelvis"]
[Black "Espinosa Aranda, Angel"]
[Result "1-0"]
[WhiteElo "2478"]
[BlackElo "2401"]
[PlyCount "131"]
[EventDate "2015.11.22"]
[EventType "team-tourn"]
[EventRounds "14"]
[EventCountry "ESP"]
[Source "lmi"]
[SourceDate "2015.11.22"]
[WhiteTeam "64 Villalba"]
[BlackTeam "Virgen de Atocha"]
[WhiteTeamCountry "ESP"]
[BlackTeamCountry "ESP"]

1. e4 d5 2. exd5 Qxd5 3. Nc3 Qd6 4. d4 Nf6 5. Bd3 Bg4 6. Nge2 e6 7. f3 Bh5 8.
Ng3 Bg6 9. Nce4 Qd8 10. c3 Nbd7 11. h4 Bd6 12. h5 Bxg3+ 13. Nxg3 Bxd3 14. Qxd3
O-O 15. h6 g6 16. Bg5 Qb8 17. Ne4 Nxe4 18. fxe4 c6 19. O-O-O f6 20. Be3 Qd6 21.
g4 b5 22. Kb1 Nb6 23. Rhf1 Rad8 24. Qe2 Qe7 25. g5 f5 26. Bc1 Qd7 27. Rde1 Rde8
28. Qh2 a5 29. Rf2 b4 30. cxb4 axb4 31. Rfe2 fxe4 32. Rxe4 Nd5 33. Qe2 Qf7 34.
Rxe6 Qf5+ 35. Ka1 Ra8 36. Qc4 b3 37. a3 Rfb8 38. Rxc6 Rb4 39. Qc5 Kh8 40. Rd6
Qf2 41. Ra6 Rbb8 42. Ree6 Rxa6 43. Rxa6 Qf5 44. Rd6 Rc8 45. Rxd5 Qe6 46. Rd6
Qe8 47. Rb6 Rxc5 48. dxc5 Kg8 49. Rxb3 Qc6 50. Rc3 Kf7 51. Be3 Ke6 52. b4 Kd5
53. b5 Qxb5 54. c6 Qf1+ 55. Bc1 Qe1 56. Kb2 Qe2+ 57. Kb1 Qb5+ 58. Bb2 Qf1+ 59.
Ka2 Qf5 60. c7 Qc8 61. a4 Kd6 62. Ka1 Ke6 63. a5 Kd5 64. Ba3 Kd4 65. Bb4 Kd5
66. Kb2 1-0

[Event "Liga Madrileña - DH 2015-2016"]
[Site "Madrid ESP"]
[Date "2016.02.28"]
[Round "12.33"]
[White "Plazuelo Pascual, Juan"]
[Black "Fernandez de Bobadilla Osorio, Gabriel"]
[Result "0-1"]
[WhiteElo "2351"]
[BlackElo "2260"]
[PlyCount "78"]
[EventDate "2015.11.22"]
[EventType "team-tourn"]
[EventRounds "14"]
[EventCountry "ESP"]
[Source "lmi"]
[SourceDate "2015.11.22"]
[WhiteTeam "Virgen de Atocha"]
[BlackTeam "64 Villalba"]
[WhiteTeamCountry "ESP"]
[BlackTeamCountry "ESP"]

1. d4 Nf6 2. c4 e6 3. Nf3 b6 4. e3 Bb7 5. Bd3 Bb4+ 6. Nbd2 O-O 7. O-O d5 8. b3
Nbd7 9. a3 Bd6 10. Bb2 Ne4 11. cxd5 exd5 12. Qc2 Qe7 13. a4 a6 14. Rac1 Rac8
15. Rfe1 f5 16. Nf1 g5 17. Qe2 a5 18. N3d2 Ndf6 19. f3 Nxd2 20. Nxd2 Nh5 21.
Ba6 Bxa6 22. Qxa6 g4 23. g3 Bxg3 24. hxg3 Nxg3 25. Kg2 f4 26. exf4 Qh4 27. Rh1
Nxh1 28. Rxh1 gxf3+ 29. Nxf3 Qg4+ 30. Kf2 Rxf4 31. Qd3 Rxf3+ 32. Qxf3 Rf8 33.
Qxf8+ Kxf8 34. Rf1 Qe4 35. Ba3+ Kg7 36. Rg1+ Kf7 37. Re1 Qc2+ 38. Re2 Qxb3 39.
Re3 Qxa4 0-1

[Event "Liga Madrileña - DH 2015-2016"]
[Site "Madrid ESP"]
[Date "2016.02.28"]
[Round "12.34"]
[White "Lopez del Alamo, Antonio"]
[Black "Horcajada Reales, Guillermo"]
[Result "1/2-1/2"]
[WhiteElo "2224"]
[BlackElo "2208"]
[PlyCount "86"]
[EventDate "2015.11.22"]
[EventType "team-tourn"]
[EventRounds "14"]
[EventCountry "ESP"]
[Source "lmi"]
[SourceDate "2015.11.22"]
[WhiteTeam "64 Villalba"]
[BlackTeam "Virgen de Atocha"]
[WhiteTeamCountry "ESP"]
[BlackTeamCountry "ESP"]

1. e4 e6 2. d3 d5 3. Qe2 dxe4 4. dxe4 e5 5. Nf3 Nc6 6. c3 Nf6 7. Qc2 a6 8. b4
Be7 9. Be2 O-O 10. O-O Bd7 11. Nbd2 Re8 12. Nc4 Bf8 13. Bg5 h6 14. Bh4 g5 15.
Bg3 Bd6 16. Rad1 Qe7 17. a4 Nh5 18. Qd2 Nf4 19. Bxf4 exf4 20. e5 Nxe5 21. Ncxe5
Bxa4 22. Ra1 b5 23. Rae1 Bxe5 24. Nxe5 Qxe5 25. Bf3 Qf6 26. Bxa8 Rxa8 27. Re4
Bb3 28. Rfe1 Be6 29. f3 a5 30. bxa5 Rxa5 31. c4 Ra4 32. cxb5 Rxe4 33. Rxe4 Qa1+
34. Qe1 Qb2 35. Re5 Qd4+ 36. Kh1 Kg7 37. h4 gxh4 38. Rh5 h3 39. gxh3 Qd3 40.
Kg2 Bd5 41. Qe5+ Kg6 42. Qxf4 Qe2+ 43. Kg1 Qe1+ 1/2-1/2

[Event "Liga Madrileña - DH 2015-2016"]
[Site "Madrid ESP"]
[Date "2016.02.28"]
[Round "12.35"]
[White "Vazquez Torres, Adrian"]
[Black "Ruperez Benito, Antonio"]
[Result "1/2-1/2"]
[WhiteElo "2205"]
[BlackElo "2218"]
[PlyCount "118"]
[EventDate "2015.11.22"]
[EventType "team-tourn"]
[EventRounds "14"]
[EventCountry "ESP"]
[Source "lmi"]
[SourceDate "2015.11.22"]
[WhiteTeam "Virgen de Atocha"]
[BlackTeam "64 Villalba"]
[WhiteTeamCountry "ESP"]
[BlackTeamCountry "ESP"]

1. e4 e6 2. b3 d5 3. Bb2 Nf6 4. e5 Nfd7 5. f4 c5 6. Nf3 b6 7. f5 exf5 8. Bd3
Be7 9. Bxf5 Nf8 10. Bxc8 Qxc8 11. Nc3 d4 12. Nd5 Qb7 13. c4 dxc3 14. dxc3 Ne6
15. c4 Nc6 16. Qe2 Nb4 17. Qe4 Nxd5 18. cxd5 Rd8 19. O-O-O Nc7 20. Qg4 Rxd5 21.
Rxd5 Qxd5 22. Rd1 Qe6 23. Qxg7 Rf8 24. Qxh7 Qg6 25. Qxg6 fxg6 26. e6 Nxe6 27.
Re1 Nf4 28. Ne5 Nxg2 29. Re2 Nf4 30. Re4 Rf6 31. Ng4 Rf5 32. Nh6 Nd3+ 33. Kc2
Nb4+ 34. Kd1 Nd3 35. Ke2 Nf4+ 36. Kf3 Rh5 37. Kxf4 g5+ 38. Kf5 Rxh6 39. Re2 Kd7
40. Ba1 Rf6+ 41. Kg4 Rf1 42. Bc3 Rh1 43. Rg2 Bd6 44. h3 Bc7 45. Bd2 Kc6 46. Be3
b5 47. Re2 a5 48. Bf2 Bd6 49. Re6 Kd5 50. Rf6 c4 51. Rf5+ Ke4 52. bxc4 bxc4 53.
Rxa5 c3 54. Ra4+ Kd3 55. Rd4+ Ke2 56. Rxd6 c2 57. Rc6 c1=Q 58. Rxc1 Rxc1 59.
Bb6 Ra1 1/2-1/2

[Event "Liga Madrileña - DH 2015-2016"]
[Site "Madrid ESP"]
[Date "2016.02.28"]
[Round "12.36"]
[White "Hapala, Elisabeth"]
[Black "Rodrigo Yanguas, Maria"]
[Result "1/2-1/2"]
[WhiteElo "2126"]
[BlackElo "2111"]
[PlyCount "104"]
[EventDate "2015.11.22"]
[EventType "team-tourn"]
[EventRounds "14"]
[EventCountry "ESP"]
[Source "lmi"]
[SourceDate "2015.11.22"]
[WhiteTeam "64 Villalba"]
[BlackTeam "Virgen de Atocha"]
[WhiteTeamCountry "ESP"]
[BlackTeamCountry "ESP"]

1. e4 e6 2. d4 d5 3. Nd2 Be7 4. Bd3 c5 5. dxc5 Bxc5 6. exd5 Qxd5 7. Ngf3 Nf6 8.
Nb3 Bb6 9. Bf4 Bd7 10. c4 Qh5 11. Bd6 Bc6 12. c5 Bd8 13. Nbd4 Be7 14. Nxc6 Bxd6
15. Nxb8 Bxb8 16. Qa4+ Ke7 17. Qb4 b6 18. cxb6+ Bd6 19. Qb3 Qa5+ 20. Ke2 axb6
21. Rhc1 Rhc8 22. a3 Kf8 23. Bb5 Ne4 24. Qd3 f5 25. Bc6 Bf4 26. Bxa8 Bxc1 27.
Bxe4 fxe4 28. Qd6+ Kf7 29. Qd7+ Kf6 30. Qxc8 exf3+ 31. gxf3 Qb5+ 32. Ke1 Bd2+
33. Kxd2 Qxb2+ 34. Qc2 Qxa1 35. Qc3+ Qxc3+ 36. Kxc3 Ke5 37. Kc4 Kd6 38. Kb5 Kc7
39. f4 h6 40. a4 h5 41. h4 Kb7 42. Kb4 Ka6 43. Ka3 Ka5 44. Kb3 g6 45. Ka3 b5
46. axb5 Kxb5 47. Kb3 Kc5 48. Kc3 Kd5 49. Kd3 e5 50. Ke3 e4 51. f3 exf3 52.
Kxf3 Ke6 1/2-1/2

[Event "Liga Madrileña - DH 2015-2016"]
[Site "Madrid ESP"]
[Date "2016.02.28"]
[Round "12.41"]
[White "Aranda Marin, Cristian"]
[Black "Candela Perez, Jose"]
[Result "1/2-1/2"]
[WhiteElo "2352"]
[BlackElo "2412"]
[PlyCount "160"]
[EventDate "2015.11.22"]
[EventType "team-tourn"]
[EventRounds "14"]
[EventCountry "ESP"]
[Source "lmi"]
[SourceDate "2015.11.22"]
[WhiteTeam "San Fernando de Henares"]
[BlackTeam "La Casa del Ajedrez"]
[WhiteTeamCountry "ESP"]
[BlackTeamCountry "ESP"]

1. d4 Nf6 2. c4 g6 3. g3 Bg7 4. Nc3 d6 5. Bg2 O-O 6. Nf3 c6 7. e4 Qa5 8. O-O e5
9. h3 Nbd7 10. Re1 exd4 11. Nxd4 Ne5 12. Bf1 Be6 13. Nxe6 fxe6 14. Kg2 Rad8 15.
f4 Nf7 16. Qa4 Qb6 17. Qb3 Qc7 18. g4 Nd7 19. g5 a6 20. Be3 c5 21. Bd3 Rde8 22.
h4 Nd8 23. Rh1 Bd4 24. Bd2 Rf7 25. Raf1 Nf8 26. Rh3 Nc6 27. h5 Bg7 28. Qd1 Nd4
29. hxg6 hxg6 30. Rfh1 b5 31. R1h2 b4 32. Qh1 Rfe7 33. Nd1 Rd8 34. Ne3 Kf7 35.
Ng4 Ke8 36. Kf1 Rf7 37. Rf2 Qc6 38. b3 Kd7 39. e5 Qxh1+ 40. Rxh1 dxe5 41. Nf6+
Bxf6 42. fxe5 Nf5 43. Bxf5 Bxe5 44. Be4 Ke7 45. Rxf7+ Kxf7 46. Ke2 Kg7 47. Be3
Bd4 48. Bf4 e5 49. Bc1 Ne6 50. Rh6 Nf8 51. Rh1 Rd7 52. Bd5 Re7 53. Kd3 Nd7 54.
Ke4 Nb6 55. Rf1 Nxd5 56. cxd5 Rf7 57. Rxf7+ Kxf7 58. Bd2 Ke7 59. Be1 Kd6 60.
Bg3 a5 61. Be1 Bc3 62. Bf2 Bd2 63. Bg3 Bf4 64. Bh4 Kc7 65. Kd3 Kd6 66. Ke4 Kc7
67. Kd3 Kb6 68. Ke4 Kb5 69. Kd3 Kb6 70. Ke4 Kc7 71. Kd3 Kd7 72. Kc4 Kd6 73. Bf2
Bxg5 74. Bxc5+ Kd7 75. Kd3 Be7 76. Bb6 Bd8 77. Bc5 Be7 78. Bb6 Bd8 79. Bc5 Bf6
80. Bb6 Bd8 1/2-1/2

[Event "Liga Madrileña - DH 2015-2016"]
[Site "Madrid ESP"]
[Date "2016.02.28"]
[Round "12.42"]
[White "Gallego Jimenez, Victoriano"]
[Black "Jimenez Lopez, Antonio"]
[Result "1-0"]
[WhiteElo "2362"]
[BlackElo "2142"]
[PlyCount "143"]
[EventDate "2015.11.22"]
[EventType "team-tourn"]
[EventRounds "14"]
[EventCountry "ESP"]
[Source "lmi"]
[SourceDate "2015.11.22"]
[WhiteTeam "La Casa del Ajedrez"]
[BlackTeam "San Fernando de Henares"]
[WhiteTeamCountry "ESP"]
[BlackTeamCountry "ESP"]

1. d4 Nf6 2. c4 g6 3. Nf3 Bg7 4. g3 d6 5. Bg2 O-O 6. O-O Nbd7 7. Nc3 e5 8. e4
Re8 9. Re1 exd4 10. Nxd4 a6 11. b3 Rb8 12. Bb2 h6 13. h3 c5 14. Nc2 b5 15. cxb5
axb5 16. Qxd6 Rb6 17. Qd2 Bb7 18. e5 Nh5 19. Nd5 Nxe5 20. Rad1 Bxd5 21. Bxd5
Rd6 22. Bxe5 Bxe5 23. Rxe5 Rxe5 24. Bxf7+ Kxf7 25. Qxd6 Qxd6 26. Rxd6 Re2 27.
Na3 b4 28. Nc4 Nf6 29. Rd2 Re1+ 30. Kg2 Ne4 31. Rb2 Ra1 32. Ne5+ Ke6 33. Nxg6
Nc3 34. Nf4+ Ke5 35. Rd2 Rxa2 36. Rd8 Ne4 37. Nd3+ Kf6 38. Rd5 Rd2 39. Kf3 Nc3
40. Rd7 c4 41. bxc4 b3 42. Ke3 b2 43. Kxd2 b1=Q 44. Kxc3 Qa1+ 45. Kb4 Ke6 46.
Rd5 Qh1 47. Kc5 Ke7 48. h4 Qa1 49. Re5+ Kd7 50. Kd5 Qa8+ 51. Kd4 Qa1+ 52. Ke3
Qc3 53. c5 Kc6 54. Re6+ Kd5 55. Rxh6 Qd4+ 56. Kd2 Ke4 57. Rd6 Qa4 58. Ke2 Qc2+
59. Kf1 Qd1+ 60. Ne1 Qa1 61. Kg2 Kf5 62. Nf3 Qa3 63. Rd5+ Kf6 64. Re5 Qa8 65.
g4 Qc8 66. Rg5 Qa8 67. h5 Kf7 68. Rg6 Ke7 69. c6 Qa5 70. h6 Qc3 71. c7 Kd7 72.
h7 1-0

[Event "Liga Madrileña - DH 2015-2016"]
[Site "Madrid ESP"]
[Date "2016.02.28"]
[Round "12.43"]
[White "Garrido Olivares, Ricard"]
[Black "Rojo Huerta, Gabriel"]
[Result "1-0"]
[WhiteElo "2155"]
[BlackElo "2362"]
[PlyCount "65"]
[EventDate "2015.11.22"]
[EventType "team-tourn"]
[EventRounds "14"]
[EventCountry "ESP"]
[Source "lmi"]
[SourceDate "2015.11.22"]
[WhiteTeam "San Fernando de Henares"]
[BlackTeam "La Casa del Ajedrez"]
[WhiteTeamCountry "ESP"]
[BlackTeamCountry "ESP"]

1. Nf3 c5 2. c4 Nc6 3. d4 cxd4 4. Nxd4 e5 5. Nb5 a6 6. N5c3 Bc5 7. g3 Nf6 8.
Bg2 b5 9. O-O b4 10. Nd5 Nxd5 11. Qxd5 Qe7 12. Nd2 f5 13. Nb3 Bb6 14. c5 Bc7
15. f4 Bb7 16. fxe5 Na5 17. Qd3 Nxb3 18. axb3 Bxg2 19. Kxg2 Qxc5 20. Rxf5 g6
21. Rf3 Qc6 22. Bg5 Bxe5 23. Rc1 Qb7 24. Rc4 d6 25. Qc2 Ra7 26. Rc8+ Kd7 27.
Rxh8 Bxh8 28. e4 Ke6 29. Qc4+ d5 30. exd5+ Qxd5 31. Qc8+ Rd7 32. Qe8+ Kd6 33.
Bf4+ 1-0

[Event "Liga Madrileña - DH 2015-2016"]
[Site "Madrid ESP"]
[Date "2016.02.28"]
[Round "12.44"]
[White "Elguezabal Varela, Daniel"]
[Black "Del Valle Cirera, Adria"]
[Result "1-0"]
[WhiteElo "2363"]
[BlackElo "2107"]
[PlyCount "75"]
[EventDate "2015.11.22"]
[EventType "team-tourn"]
[EventRounds "14"]
[EventCountry "ESP"]
[Source "lmi"]
[SourceDate "2015.11.22"]
[WhiteTeam "La Casa del Ajedrez"]
[BlackTeam "San Fernando de Henares"]
[WhiteTeamCountry "ESP"]
[BlackTeamCountry "ESP"]

1. d4 Nf6 2. Nf3 e6 3. c4 b6 4. e3 Bb7 5. Bd3 Be7 6. O-O O-O 7. Nc3 c5 8. d5
exd5 9. cxd5 d6 10. e4 Nbd7 11. h3 a6 12. a4 Re8 13. Re1 Bf8 14. Bf4 Rc8 15. b3
Nh5 16. Bh2 Qf6 17. Qd2 g6 18. Rac1 Ne5 19. Be2 Ra8 20. Nxe5 dxe5 21. Bxh5 gxh5
22. Qe2 Qg6 23. Nd1 Bc8 24. Qf3 Bd7 25. Ne3 Bh6 26. Rc2 Bxe3 27. Qxe3 a5 28.
Rc3 h4 29. f4 f6 30. fxe5 fxe5 31. Rf1 Re7 32. Rc2 Rae8 33. Rcf2 Rg7 34. Bxe5
Rge7 35. Rf6 Qh5 36. Bd6 Rxe4 37. Rf8+ Kg7 38. Qf2 1-0

[Event "Liga Madrileña - DH 2015-2016"]
[Site "Madrid ESP"]
[Date "2016.02.28"]
[Round "12.45"]
[White "Nunez Miranda, Adrian"]
[Black "Suarez Uriel, Adrian"]
[Result "1-0"]
[WhiteElo "2085"]
[BlackElo "2278"]
[PlyCount "101"]
[EventDate "2015.11.22"]
[EventType "team-tourn"]
[EventRounds "14"]
[EventCountry "ESP"]
[Source "lmi"]
[SourceDate "2015.11.22"]
[WhiteTeam "San Fernando de Henares"]
[BlackTeam "La Casa del Ajedrez"]
[WhiteTeamCountry "ESP"]
[BlackTeamCountry "ESP"]

1. e4 c5 2. Nf3 g6 3. c3 d5 4. e5 Nc6 5. h3 Bf5 6. Qb3 Qd7 7. d4 c4 8. Qd1 Rc8
9. g4 Be4 10. Nbd2 Bxf3 11. Qxf3 f6 12. exf6 Nxf6 13. g5 Qe6+ 14. Qe3 Qxe3+ 15.
fxe3 Nh5 16. Bg2 e6 17. O-O Be7 18. e4 Rd8 19. h4 Rf8 20. Rxf8+ Kxf8 21. exd5
exd5 22. Nf1 Rd7 23. Bf3 Kg7 24. Ne3 Nf4 25. Nf5+ gxf5 26. Bxf4 Bd6 27. Bxd6
Rxd6 28. Re1 h6 29. gxh6+ Kxh6 30. Kf2 f4 31. Bg4 Nd8 32. Kf3 Kg6 33. Kxf4 Kf6
34. Bf5 Nf7 35. Rg1 Ke7 36. Rg6 Rd8 37. Re6+ Kf8 38. h5 Kg7 39. Rg6+ Kh8 40.
Be6 Nd6 41. Ke5 b5 42. Rg8+ Rxg8 43. Bxg8 Ne4 44. Bxd5 Nf2 45. Bc6 Nd3+ 46. Ke6
b4 47. cxb4 Nxb2 48. Be4 Nd3 49. d5 a5 50. d6 axb4 51. Bxd3 1-0

[Event "Liga Madrileña - DH 2015-2016"]
[Site "Madrid ESP"]
[Date "2016.02.28"]
[Round "12.46"]
[White "Gil Quilez, David"]
[Black "De la Orden Alcocer, Alejandro"]
[Result "1-0"]
[WhiteElo "2192"]
[BlackElo "2024"]
[PlyCount "51"]
[EventDate "2015.11.22"]
[EventType "team-tourn"]
[EventRounds "14"]
[EventCountry "ESP"]
[Source "lmi"]
[SourceDate "2015.11.22"]
[WhiteTeam "La Casa del Ajedrez"]
[BlackTeam "San Fernando de Henares"]
[WhiteTeamCountry "ESP"]
[BlackTeamCountry "ESP"]

1. e4 Nf6 2. e5 Nd5 3. d4 d6 4. c4 Nb6 5. f4 dxe5 6. fxe5 c5 7. d5 g6 8. Nc3
Bg7 9. Bf4 O-O 10. Qd2 Bf5 11. h3 Na6 12. O-O-O f6 13. e6 g5 14. Be3 Nc8 15. g4
Bg6 16. h4 gxh4 17. Nf3 Nd6 18. Nxh4 Ne4 19. Nxe4 Bxe4 20. Bg2 Bxg2 21. Qxg2
Nb4 22. a3 Qa5 23. Nf5 Na2+ 24. Kb1 Nc3+ 25. bxc3 b5 26. Nxe7+ 1-0

[Event "Liga Madrileña - DH 2015-2016"]
[Site "Madrid ESP"]
[Date "2016.03.05"]
[Round "13.11"]
[White "Rioboo de la Riva, Alvaro"]
[Black "Granda Zuniga, Julio E"]
[Result "0-1"]
[WhiteElo "2279"]
[BlackElo "2678"]
[PlyCount "54"]
[EventDate "2015.11.22"]
[EventType "team-tourn"]
[EventRounds "14"]
[EventCountry "ESP"]
[Source "lmi"]
[SourceDate "2015.11.22"]
[WhiteTeam "64 Villalba"]
[BlackTeam "Collado Villalba"]
[WhiteTeamCountry "ESP"]
[BlackTeamCountry "ESP"]

1. e4 c5 2. c3 Nf6 3. d3 Nc6 4. Bg5 e5 5. Bxf6 Qxf6 6. g3 h5 7. h4 g6 8. Nd2
Bh6 9. a4 O-O 10. Nc4 Rd8 11. Bg2 d6 12. Ne3 Bxe3 13. fxe3 Bg4 14. Qc2 Kg7 15.
Nf3 Qe7 16. O-O f6 17. Rf2 Rg8 18. Raf1 Raf8 19. Qd2 Nd8 20. d4 Bd7 21. b3 Nf7
22. Rd1 Bc6 23. d5 Bd7 24. Qd3 Nh6 25. Kf1 f5 26. Ke1 fxe4 27. Qxe4 Nf5 0-1

[Event "Liga Madrileña - DH 2015-2016"]
[Site "Madrid ESP"]
[Date "2016.03.05"]
[Round "13.12"]
[White "Vazquez Igarza, Renier"]
[Black "Longa Yauca, Javier"]
[Result "1/2-1/2"]
[WhiteElo "2565"]
[BlackElo "2232"]
[PlyCount "153"]
[EventDate "2015.11.22"]
[EventType "team-tourn"]
[EventRounds "14"]
[EventCountry "ESP"]
[Source "lmi"]
[SourceDate "2015.11.22"]
[WhiteTeam "Collado Villalba"]
[BlackTeam "64 Villalba"]
[WhiteTeamCountry "ESP"]
[BlackTeamCountry "ESP"]

1. Nf3 d5 2. d4 Nf6 3. c4 c6 4. Nc3 g6 5. Bf4 Bg7 6. e3 O-O 7. h3 c5 8. dxc5
Qa5 9. Rc1 Ne4 10. cxd5 Nxc3 11. Qd2 Nd7 12. bxc3 Nxc5 13. Be5 Bxe5 14. Nxe5
Rd8 15. Bc4 e6 16. O-O exd5 17. Bb3 Be6 18. Qd4 h5 19. g4 hxg4 20. hxg4 Qb6 21.
f4 Nxb3 22. axb3 Qxd4 23. cxd4 Rac8 24. Rxc8 Bxc8 25. Rc1 f6 26. Nxg6 Bxg4 27.
Rc7 Rd7 28. Ne7+ Kf7 29. Nxd5 Rxc7 30. Nxc7 a5 31. Nb5 Ke7 32. Nc3 b5 33. Kf2
b4 34. Na4 f5 35. Nc5 Bd1 36. Ke1 Bf3 37. Kd2 Bd5 38. Kc2 Kd6 39. Kb2 Bg2 40.
Nd3 Kd5 41. Kc1 Kd6 42. Ne5 Bd5 43. Kb2 Kc7 44. Kc2 Be4+ 45. Nd3 Kc6 46. Kd2
Bd5 47. Nc5 Kc7 48. Ke2 Kd6 49. Ke1 Ke7 50. Kd1 Kd6 51. Kc2 Kc7 52. Kd3 Kc6 53.
e4 fxe4+ 54. Ke3 Kc7 55. f5 Kd8 56. Kf4 Ke7 57. Ke3 Kf7 58. Kf4 Ke7 59. Ke3 Kf7
60. Kf4 Ke7 61. Nxe4 Bxb3 62. f6+ Kf8 63. Nc5 Bd5 64. Ke5 Bc4 65. d5 b3 66. d6
Bb5 67. Nxb3 a4 68. Nd4 a3 69. Nxb5 a2 70. d7 a1=Q+ 71. Nd4 Qa5+ 72. Kd6 Qa3+
73. Kd5 Qa5+ 74. Kd6 Qb4+ 75. Kd5 Qb7+ 76. Kd6 Qb8+ 77. Kd5 1/2-1/2

[Event "Liga Madrileña - DH 2015-2016"]
[Site "Madrid ESP"]
[Date "2016.03.05"]
[Round "13.13"]
[White "Cabanas Jimenez, Andres"]
[Black "Moreno Ruiz, Javier"]
[Result "0-1"]
[WhiteElo "2245"]
[BlackElo "2435"]
[PlyCount "138"]
[EventDate "2015.11.22"]
[EventType "team-tourn"]
[EventRounds "14"]
[EventCountry "ESP"]
[Source "lmi"]
[SourceDate "2015.11.22"]
[WhiteTeam "64 Villalba"]
[BlackTeam "Collado Villalba"]
[WhiteTeamCountry "ESP"]
[BlackTeamCountry "ESP"]

1. e4 c5 2. Nc3 Nc6 3. g3 g6 4. Bg2 Bg7 5. d3 d6 6. Nh3 Nf6 7. O-O O-O 8. Nf4
e6 9. Be3 Rb8 10. a4 b6 11. h3 Nd4 12. Nb5 a6 13. Bxd4 axb5 14. Be3 b4 15. c3
bxc3 16. bxc3 Ba6 17. Qc2 e5 18. Ne2 d5 19. c4 dxc4 20. dxc4 Qe7 21. a5 Nd7 22.
Rfb1 bxa5 23. Rxb8 Rxb8 24. Rxa5 Qe6 25. Bxc5 Nxc5 26. Rxc5 Qb6 27. Rd5 Qb1+
28. Qxb1 Rxb1+ 29. Kh2 Rb2 30. Nc3 Rxf2 31. Rd8+ Bf8 32. Nd5 Kg7 33. Ne3 h5 34.
Rd5 Re2 35. Ra5 Bc8 36. Nd5 Rc2 37. Ra8 Be6 38. Ra4 Bc5 39. Kh1 Bd7 40. Ra1
Rxc4 41. Rf1 Rc2 42. Nf6 Bb5 43. Rb1 Bd3 44. Nd7 Bd4 45. Rd1 Be2 46. Rb1 Rc3
47. g4 hxg4 48. hxg4 Bxg4 49. Nb6 Bxb6 50. Rxb6 Bf3 51. Rb2 Kh6 52. Rf2 Bxg2+
53. Kxg2 Kg7 54. Re2 Kf6 55. Kf2 Ke6 56. Ra2 Rc6 57. Ra3 f5 58. Kf3 Kf6 59. Rb3
Rc4 60. Rb6+ Kg5 61. exf5 gxf5 62. Rb8 Rc3+ 63. Ke2 e4 64. Kd2 Ra3 65. Rf8 Kf4
66. Ke2 Ra2+ 67. Kf1 e3 68. Ke1 Ke4 69. Kf1 f4 0-1

[Event "Liga Madrileña - DH 2015-2016"]
[Site "Madrid ESP"]
[Date "2016.03.05"]
[Round "13.14"]
[White "Reyes Larena, Juan"]
[Black "Lopez del Alamo, Antonio"]
[Result "1-0"]
[WhiteElo "2447"]
[BlackElo "2224"]
[PlyCount "72"]
[EventDate "2015.11.22"]
[EventType "team-tourn"]
[EventRounds "14"]
[EventCountry "ESP"]
[Source "lmi"]
[SourceDate "2015.11.22"]
[WhiteTeam "Collado Villalba"]
[BlackTeam "64 Villalba"]
[WhiteTeamCountry "ESP"]
[BlackTeamCountry "ESP"]

1. e4 c5 2. Nf3 e6 3. c3 Nf6 4. Bd3 d5 5. e5 Nfd7 6. Bc2 Nc6 7. d4 Be7 8. O-O
b6 9. a3 a5 10. Re1 Ba6 11. a4 cxd4 12. cxd4 Nb4 13. Nc3 Nxc2 14. Qxc2 Rc8 15.
Qb3 Bc4 16. Qd1 Nb8 17. Nb5 Qd7 18. Nd6+ Bxd6 19. exd6 Qxd6 20. b3 Ba6 21. Ba3
Qd8 22. Ne5 Nc6 23. Qg4 Qf6 24. Re3 h5 25. Qd1 Nxe5 26. dxe5 Qf4 27. Rc1 Rxc1
28. Qxc1 Kd7 29. Qa1 Rc8 30. Rf3 Qe4 31. Rxf7+ Kd8 32. h4 Rc2 33. Bd6 d4 34.
Qa3 Rxf2 35. Bc7+ Kc8 36. Qf8+ Kb7 1-0